Statistics for Country Transits: Closest Countries to Poland by Starting Letter

Click here to take the quiz!

General Stats

  • This quiz has been taken 116 times
  • The average score is 21 of 24

Answer Stats

LetterCountry% Correct
FFrance/Finland (2)
99%
DDenmark (2)
98%
EEstonia (2)
98%
SSlovakia (1)
96%
AAustria/Azerbaijan (2)
95%
RRussia (1)
95%
CCzech Republic (1)
94%
LLithuania (1)
94%
BBelarus (1)
93%
GGermany (1)
93%
IItaly/Iran/India (3)
93%
OOman (6)
93%
HHungary (2)
91%
NNetherlands/Norway/North Korea (2)
91%
QQatar (6)
91%
TTurkey/Turkmenistan (3)
91%
UUkraine (1)
90%
MMoldova/Mongolia (2)
89%
ZZambia (10)
89%
JJordan (5)
87%
YYemen (6)
87%
KKazakhstan (2)
67%
VVietnam (3)
65%
PPakistan (3)
63%

Score Distribution

Percentile by Number Answered

Percent of People with Each Score

Your Score History

You have not taken this quiz